Open Data Biblioteca Nacional de Portugal


República Portuguesa: Ministério da Cultura
Biblioteca Nacional de Portugal

Catálogo da BNP: acesso por Identificadores Unívocos
Registos Bibliográficos associados ao registo de autoridade

Etiqueta de registo: 00230nam 2200025 450
001 1323201
003 http://id.bnportugal.gov.pt/bib/catbnp/1323201
100 ## $a20050422d2004 k y0pory0103 ba
101 0# $apor
102 ## $aPT
105 ## $aa m 001yy
106 ## $ar
200 1# $aIdentificação e caracterização fenotípica de células T CD28+ e CD 28- em voluntários atópicos e voluntários não atópicos$bTexto policopiado]$fOlga Maria Marques Lourenço$gorient. Luís Taborda Barata, Fernando A. Arosa
210 #9 $a[S.l.$cs.n.,$dD. L. 2004]
215 ## $a144 f.$cil.$d30 cm
320 ## $aBibliografia, f. 134-144
328 #0 $bTese mestr.$cImunologia Clínica$eFaculdade de Ciências da Saúde, Univ. da Beira Interior
675 ## $a612.11.017(043)$vBN$zpor$31222472
675 ## $a576.32/.36(043)$vBN$zpor$3326188
700 #1 $aLourenço,$bOlga Maria Marques$31199654
702 #1 $aArosa,$bFernando Aguilar$4727$3938696
702 #1 $aBarata,$bLuís Taborda$4727$31230291
712 02 $aUniversidade da Beira Interior.$bFaculdade de Ciências da Saúde$4295$31230292
801 #0 $aPT$bBN$gRPC
966 ## $lBN$mFGMON$sS.A. 110233 V.$x1

Etiqueta de registo: 00000nam 2200025 450
001 2087234
003 http://id.bnportugal.gov.pt/bib/catbnp/2087234
100 ## $a20211210d2008 k y0pory01030103ba
101 0# $aeng$dpor
102 ## $aPT
105 ## $ay m 000yy
106 ## $ar
200 1# $aPhenotypic and functional aspects of CD8+ T cells in atopy from populations to cells$fOlga Maria Marques Lourenço$gorient. Luís Taborda-Barata, Fernando A. Rosa
210 #9 $aCovilhã$c[s.n.],$d2008
215 ## $aXXII, 110 f.$d30 cm
328 #1 $aTese dout. Biomedecina, Univ. Beira Interior, 2008
675 ## $a576(043)$vBN$zpor$3395250
675 ## $a61(043)$vBN$zpor$3343484
700 #1 $aLourenço,$bOlga Maria Marques$31199654
702 #1 $aBarata,$bLuís Taborda$4727$31230291
702 #1 $aRosa,$bFernando A.$4727$31828251
801 #0 $aPT$bBN$gRPC
966 ## $lBN$mFGMON$sS.A. 180539 V.$x1
971 ## $carosa$d20211210
972 ## $e0$z0$d20220517$viquintas
973 ## $cmlsousa$d20220512

Etiqueta de registo: 00000nam 2200025 450
001 2281880
003 http://id.bnportugal.gov.pt/bib/catbnp/2281880
100 ## $a20260319d2025 k y0pory01030103ba
101 0# $aeng$dpor
102 ## $aPT
105 ## $aa m 000yy
106 ## $ar
200 1# $aSGLT2i and GLP1RA - safety and effectiveness profiles evaluation using real-world patient data$fAntónio Luís Martins Coutinho Cabral e Lopes$gorient. Manuel Augusto Nunes Vicente Passos Morgado, Olga Maria Marques Lourenço, Maria de Fátima dos Santos Marques Roque
210 #9 $aCovilhã$c[s.n.],$d2025
215 ## $aXXX, 110 p.$cil.$d30 cm
328 #1 $aTese dout. Ciências Farmacêuticas, Universidade Beira Interior, 2025
675 ## $a615.25(043)$vBN$zpor$3603058
700 #1 $aLopes,$bAntónio Luís Martins Coutinho Cabral e$31992566
702 #1 $aMorgado,$bManuel Augusto Nunes Vicente Passos$4727$3192790
702 #1 $aLourenço,$bOlga Maria Marques$4727$31199654
702 #1 $aRoque,$bMaria de Fátima dos Santos Marques$4727$31656371
801 #0 $aPT$bBN$gRPC
966 ## $lBN$mFGMON$sS.A. 193452 V.$x1
971 ## $corlando$d20260319
972 ## $e0$z0$d20260413$vlrevez
973 ## $cmlsousa$d20260407

OpendataBNP@bnportugal.pt | Mais informação sobre acesso aos dados BNP